000 00416nam a22001577a 4500
005 20250415124906.0
008 250411b |||||||| |||| 00| 0 eng d
041 _aeng
082 _a343.0999 BAR-I
100 _aBARE ACT
245 _aTHE INFORMATION TECHNOLOGY ACT, 2000 [21 OF 2000]
260 _aDELHI
_bPROFESSIONAL BOOK PUBLISHING
_c2025
300 _a346; P
650 _aLEGAL STUDIES
_98608
942 _cBK
999 _c8745
_d8743